000 00440 a2200097 4500
245 0 0 _aCAMAC - Blokowy system oprzyrządowania elektroniczego do pomiarów automatycznych i sterowania Organizacja logiczna wielokasetowego systemu szeregowego PN-80/T-06535 /
_cInst. Badań Jądrowych.
246 1 3 _aPN-80/T-06535
246 1 3 _a621.322.056:62-503.55:621.398
260 _aWarszawa :
_bInst. Badań Jądrowych,
_c1980.
300 _a52 stron ;
_c30 cm.
650 _aPolska norma
999 _c20046
_d20046